Psychology in action: Fundamentals of psychological science, with ebook access code (Record no. 396742)

MARC details
000 -LEADER
fixed length control field 00632 a2200229 4500
005 - DATE & TIME
control field 20260417140828.0
008 - FIXED-LENGTH DATA ELEMENTS--GENERAL INFORMATION
fixed length control field 260417b |||||||| |||| 00| 0 eng d
020 ## - ISBN
International Standard Book Number 9781394241484
Price $ 171.95
040 ## - CATALOGING SOURCE
Original cataloging agency VIVEKANANDA LIBRARY
082 ## - DDC NUMBER
Classification number 150
Book Number H872P(13)
100 ## - MAIN ENTRY--PERSONAL NAME
Personal name Huffman, Karen
245 ## - TITLE STATEMENT
Title Psychology in action: Fundamentals of psychological science, with ebook access code
250 ## - EDITION STATEMENT
Edition statement 13th
260 ## - PUBLICATION, DISTRIBUTION, ETC. (IMPRINT)
Name of publisher, distributor, etc Sage
Date of publication, distribution, etc 2025
Place of publication, distribution, etc Canada
300 ## - PHYSICAL DESCRIPTION
Pages v.
650 ## - Subject
Subject Psychology
650 ## - Subject
Subject Research Methods
650 ## - Subject
Subject Psxchological Disorders
700 ## - Added Entry Personal Name
Added Entry Personal Name Sanderson, Catherine A
700 ## - Added Entry Personal Name
Added Entry Personal Name Dowdell, Katherine
942 ## - ADDED ENTRY ELEMENTS (KOHA)
Koha item type Books
Holdings
Withdrawn status Lost status Source of classification or shelving scheme Damaged status Not for loan Location (home branch) Sublocation or collection (holding branch) Shelving location Date acquired Koha issues (times borrowed) Koha full call number Accession No. Koha date last seen Koha item type
    Dewey Decimal Classification     VIVEKANANDA LIBRARY VIVEKANANDA LIBRARY Vivekananda Library 25/03/2026   150 H872P(13) 438914 25/03/2026 Books
© Designed and Maintained by Vivekananda Library, MDU Rohtak